Malý soznam obcí na Slovensku podľa administratívneho stavu k 1. septembru 1948 a počet civilných zásobovaných osôb k 30. júnu 1948

Bibliographic Details
Format: Book
Language:Slovak
PhysicalDescription:207, [1] s. tab. 15 cm
Published: Bratislava ŠPŠÚ 1948
ISBN:(brož.)
Series:Publikácie ŠPŠÚ v Bratislave
Subjects:

MARC

LEADER 00000nam a2200000 a 4500
001 vtls008384297
003 SK-MaSNL
005 20260426010007.0
008 200316s1948 xo d f i 001 0 slo
015 |a SNBA19451955-007111 
020 |a (brož.) 
035 |a SK01SNKBKSFS20020076514 
035 |a urn:nbn:sk:snk-am3i0x4 
035 |a CF5AAB25-01D4-45DF-BA4E-28BD94BCA505 
035 |a urn:nbn:sk:snk-am00dfwy 
035 |a SKM000078977 
040 |a SNK  |b slo  |c SNK  |e AACR2 
041 0 |a slo 
043 |a e-xo--- 
044 |a xo  |c SK 
080 |a 058  |2 1981 
080 |a 35  |2 1981 
080 |a 312  |2 1981 
080 |a 711.437  |2 2011 
080 |a (437.6)  |2 2011 
080 |a 314  |2 2011 
080 |a (083.41)  |2 2011 
080 |a (083.8)  |2 2011 
245 0 0 |a Malý soznam obcí na Slovensku podľa administratívneho stavu k 1. septembru 1948 a počet civilných zásobovaných osôb k 30. júnu 1948 
260 |a Bratislava  |b ŠPŠÚ  |c 1948  |e Přerov  |f Jaroslav Strojil 
300 |a 207, [1] s.  |b tab.  |c 15 cm 
366 |e 10000 výt. 
490 1 |a Publikácie ŠPŠÚ v Bratislave  |v sv. 7 
504 |a Reg. 
650 0 7 |a obce  |2 SNKPH  |9 2935 
650 0 7 |a Community  |2 SNKPHeng  |9 335947 
650 0 7 |a obyvateľstvo  |2 SNKPH  |9 4654 
650 0 7 |a Population  |2 SNKPHeng  |9 265816 
651 7 |a Slovensko  |2 SNKPH  |9 14231 
651 7 |a Slovakia  |2 SNKPHeng  |9 92630 
655 7 |a štatistiky  |2 SNKPH  |9 70182 
655 7 |a Statistics  |2 SNKPHeng  |9 265580 
655 7 |a registre  |2 SNKPH  |9 70556 
655 7 |a Indexes  |2 SNKPHeng  |9 313156 
830 0 |a Publikácie ŠPŠÚ v Bratislave  |9 661672 
958 |a ONDV 
958 |a RK 
958 |a TL 
958 |a SK 
958 |a NB 
999 |c 1022209  |d 1024139 
952 |a SNK  |b SNK  |y VYP  |7 0  |p 17A0035666  |o snkSE 799/7 D2  |i snkF 7544/62  |8 5  |0 0  |1 0  |4 0  |d 1997-02-07  |l 0  |r 2005-01-02 00:00:00  |w 2026-02-24 
952 |a SNK  |b SNK  |y PREZ  |7 0  |p 17A0732627  |o snkSE 799/7  |i snk5890/49  |0 0  |1 0  |4 0  |d 2017-08-17  |f 1  |l 0  |r 2026-02-24 13:27:55  |w 2026-02-24 
952 |a SNK  |b SNK  |y VYP  |7 0  |p 17A1152426  |o snkSE 799/7 D1  |i snkK 2354/61  |8 3  |0 0  |1 0  |4 0  |d 2017-08-24  |l 0  |r 2026-02-24 13:27:56  |w 2026-02-24